000
00305nam a22001217a 4500
008
181024b xxu||||| |||| 00| 0 eng d
041
_a
eng
080
_a
540
100
_a
12
101
_a
KIM
245
_a
Chemical Anatomy Physiology and Pathology of Extracellular Fluid
_c
Gamble,J.L
942
_2
udc
_c
BK
999
_c
50833
_d
50833